[Event "BL 1415 Hansa Dortmund - SG Solingen"]
[Site "?"]
[Date "2015.02.01"]
[Round "9.4"]
[White "Mainka, Romuald"]
[Black "Naumann, Alexander"]
[Result "1/2-1/2"]
[WhiteElo "2420"]
[BlackElo "2547"]
[PlyCount "60"]
[EventDate "2015.??.??"]

1. e4 c5 2. Nf3 d6 3. g3 Nf6 4. Qe2 Nc6 5. c3 Bg4 6. h3 Bxf3 7. Qxf3 g6 8. d3
Bg7 9. Bg2 O-O 10. O-O Nd7 11. Na3 Rb8 12. Qd1 b5 13. e5 b4 14. Nc2 bxc3 15.
bxc3 Qc7 16. exd6 Qxd6 17. d4 cxd4 18. cxd4 Rbc8 19. Bf4 Qf6 20. d5 Na5 21. Rb1
Nb6 22. h4 Na4 23. Bg5 Qd6 24. Qe1 Rxc2 25. Qxa5 Nc3 26. Rb7 Re8 27. Kh1 Bd4
28. Qc7 Be5 29. Qxd6 Bxd6 30. Rxa7 Rxa2 1/2-1/2

[Event "BL 1415 Hansa Dortmund - SG Solingen"]
[Site "?"]
[Date "2015.02.01"]
[Round "9.5"]
[White "Handke, Florian"]
[Black "Zelbel, Patrick"]
[Result "1/2-1/2"]
[WhiteElo "2539"]
[BlackElo "2424"]
[PlyCount "118"]
[EventDate "2015.??.??"]

1. d4 Nf6 2. Nf3 e6 3. c4 b6 4. a3 Ba6 5. Qb3 Be7 6. Nc3 c5 7. d5 exd5 8. cxd5
O-O 9. g3 b5 10. e4 c4 11. Qc2 Bc5 12. Bg2 d6 13. O-O Nbd7 14. h3 Re8 15. Kh2
Rb8 16. Nh4 Ne5 17. f4 Nd3 18. Bd2 Bf2 19. Bf3 Bc8 20. Rab1 b4 21. axb4 Nxb4
22. Qd1 Nd3 23. b3 Bc5 24. bxc4 Nf2 25. Qc2 Rxb1 26. Qxb1 Qd7 27. f5 Ba6 28.
Be1 g5 29. Bxf2 Bxf2 30. Rxf2 gxh4 31. Rg2 Bxc4 32. Qc1 Qe7 33. Qg5+ Kh8 34.
Qxh4 Qe5 35. Nd1 Nxe4 36. Ne3 Nd2 37. Rxd2 Qxe3 38. Qf6+ Kg8 39. Rd4 h5 40. Bg2
Bf1 41. Rf4 Bxg2 42. Qg5+ Kf8 43. f6 Re4 44. Qg7+ Ke8 45. Qg8+ Kd7 46. Qxf7+
Kc8 47. Qg8+ Kb7 48. Kxg2 Rxf4 49. Qg7+ Ka6 50. gxf4 Qe2+ 51. Kg3 Qe1+ 52. Kf3
Qf1+ 53. Ke4 Qb1+ 54. Kd4 Qd1+ 55. Kc3 Qc1+ 56. Kd3 Qd1+ 57. Ke4 Qb1+ 58. Kf3
Qf1+ 59. Kg3 Qe1+ 1/2-1/2

[Event "BL 1415 Hansa Dortmund - SG Solingen"]
[Site "?"]
[Date "2015.02.01"]
[Round "9.6"]
[White "Tuncer, Ufuk"]
[Black "Appel, Ralf"]
[Result "1/2-1/2"]
[WhiteElo "2338"]
[BlackElo "2523"]
[PlyCount "47"]
[EventDate "2015.??.??"]

1. e4 d5 2. exd5 Nf6 3. Nf3 Nxd5 4. d4 c6 5. Be2 Bf5 6. O-O e6 7. c4 Nf6 8. Nc3
Be7 9. h3 O-O 10. Be3 Ne4 11. Rc1 Nd7 12. Bd3 Nxc3 13. Rxc3 Bxd3 14. Rxd3 Bd6
15. Qd2 Re8 16. Rd1 Qe7 17. Bf4 Rad8 18. a3 Nf8 19. Bxd6 Rxd6 20. Qe3 a6 21.
Ng5 e5 22. dxe5 Rxd3 23. Rxd3 Qxe5 24. Qxe5 1/2-1/2

[Event "BL 1415 Hansa Dortmund - SG Solingen"]
[Site "?"]
[Date "2015.02.01"]
[Round "9.7"]
[White "Andersen, Mads"]
[Black "Kotter, Ralf"]
[Result "1/2-1/2"]
[WhiteElo "2493"]
[BlackElo "2331"]
[PlyCount "132"]
[EventDate "2015.??.??"]

1. Nf3 Nf6 2. g3 b6 3. Bg2 Bb7 4. O-O e6 5. c4 Be7 6. d4 O-O 7. Re1 d5 8. cxd5
exd5 9. Nc3 Nbd7 10. Bf4 a6 11. Ne5 Re8 12. Qb3 Nf8 13. e4 c6 14. Be3 Ng6 15.
Rad1 Bf8 16. h4 b5 17. exd5 cxd5 18. Bg5 Ne7 19. a4 Rb8 20. axb5 axb5 21. Qxb5
Ba8 22. Qa6 Rb6 23. Qa2 h6 24. Bxf6 Rxf6 25. b4 Qd6 26. b5 Rc8 27. Qb3 Rd8 28.
Ng4 Re6 29. Ne3 g6 30. Na4 h5 31. Nc5 Rf6 32. Ra1 Qb8 33. Ra6 Rb6 34. Qa4 Bh6
35. Nc2 Nf5 36. Ra1 Rxa6 37. Qxa6 Bg7 38. Ra4 Kh7 39. b6 Bc6 40. Rb4 Qd6 41.
Nb7 Bxb7 42. Qxb7 Rb8 43. Qa7 Ne7 44. b7 Nc6 45. Qb6 Qd7 46. Rb5 Ne7 47. Kh2
Bh8 48. Bh3 f5 49. Bg2 Bg7 50. Kg1 Bh8 51. Bf1 Bg7 52. Rb3 f4 53. Kh2 fxg3+ 54.
fxg3 Qf5 55. Ne3 Qd7 56. Bh3 Qa4 57. Rb4 Qa3 58. Nc2 Qc3 59. Qc5 Qd2+ 60. Bg2
Nf5 61. Qc7 Nh6 62. Qxb8 Ng4+ 63. Kh3 Nf2+ 64. Kh2 Ng4+ 65. Kh3 Nf2+ 66. Kh2
Ng4+ 1/2-1/2

[Event "BL 1415 Hansa Dortmund - SG Solingen"]
[Site "?"]
[Date "2015.02.01"]
[Round "9.8"]
[White "Karger, Frank"]
[Black "Wegerle, Joerg"]
[Result "1/2-1/2"]
[WhiteElo "2256"]
[BlackElo "2440"]
[PlyCount "80"]
[EventDate "2015.??.??"]

1. d4 d5 2. c4 e6 3. Nc3 Be7 4. Nf3 Nf6 5. Bg5 h6 6. Bh4 O-O 7. e3 b6 8. Bd3
Bb7 9. O-O Nbd7 10. Qe2 Ne4 11. Bg3 Nxg3 12. hxg3 dxc4 13. Bxc4 a6 14. Rfd1 b5
15. Bd3 Qb8 16. Rac1 c5 17. Be4 cxd4 18. Nxd4 Nf6 19. Nc6 Bxc6 20. Bxc6 Ra7 21.
Ne4 Rc8 22. Rc2 Rac7 23. Rdc1 Qb6 24. Nxf6+ Bxf6 25. Be4 g6 26. b3 Kg7 27. Rxc7
Rxc7 28. Rxc7 Qxc7 29. a4 Qe5 30. Bd3 Qa1+ 31. Qf1 Qc3 32. axb5 axb5 33. Bxb5
Qxb3 34. Qc4 Qd1+ 35. Qf1 Qc2 36. Qd3 Qc1+ 37. Qf1 Qc2 38. Qd3 Qc1+ 39. Qf1 Bb2
40. Qxc1 Bxc1 1/2-1/2

[Event "BL 1415 Bayern München - Werder Bremen"]
[Site "?"]
[Date "2015.02.21"]
[Round "10.1"]
[White "Areshchenko, Alexander"]
[Black "Schenk, Andreas"]
[Result "1-0"]
[WhiteElo "2661"]
[BlackElo "2493"]
[PlyCount "73"]
[EventDate "2015.??.??"]

1. e4 e6 2. d4 d5 3. Nc3 Nf6 4. e5 Nfd7 5. f4 c5 6. Nf3 Nc6 7. Be3 Be7 8. dxc5
O-O 9. Qd2 Nxc5 10. O-O-O a6 11. Qf2 b6 12. h4 Qc7 13. h5 f6 14. exf6 Bxf6 15.
Qe1 Bd7 16. Kb1 d4 17. Nxd4 Nxd4 18. Bxd4 Bxd4 19. Rxd4 Rxf4 20. Rxf4 Qxf4 21.
g3 Qf3 22. Bh3 Re8 23. h6 Bc6 24. Rh2 e5 25. hxg7 Qf6 26. Qe3 a5 27. a3 Kxg7
28. Rf2 Qg6 29. Bf5 Qh6 30. Qe2 Qg5 31. b4 axb4 32. axb4 Qxg3 33. bxc5 Qxc3 34.
Qg4+ Kh8 35. Qh4 Re7 36. Bxh7 e4 37. Rf8+ 1-0

[Event "BL 1415 Bayern München - Werder Bremen"]
[Site "?"]
[Date "2015.02.21"]
[Round "10.2"]
[White "Belezky, Alexander"]
[Black "McShane, Luke J"]
[Result "0-1"]
[WhiteElo "2455"]
[BlackElo "2672"]
[PlyCount "84"]
[EventDate "2015.??.??"]

1. Nf3 Nf6 2. g3 d5 3. Bg2 c6 4. b3 a5 5. a4 Bg4 6. Bb2 Nbd7 7. d3 Qc7 8. h3
Bh5 9. g4 Bg6 10. Nh4 e5 11. Nd2 Be7 12. Nf5 Bxf5 13. gxf5 g6 14. fxg6 hxg6 15.
e3 O-O-O 16. Qe2 Nh5 17. O-O-O Kb8 18. Kb1 f5 19. Rdg1 Rh6 20. Bf3 Ng7 21. e4
fxe4 22. dxe4 d4 23. Bg4 Nc5 24. Nc4 g5 25. Rg3 Ne8 26. Bf5 b5 27. axb5 cxb5
28. Na3 Rb6 29. Nxb5 Qb7 30. Na3 Nd6 31. Re1 a4 32. Nc4 Nxc4 33. Qxc4 axb3 34.
cxb3 Nxb3 35. Re2 Na5 36. Qa4 Bb4 37. Kc2 d3+ 38. Rxd3 Rxd3 39. Qe8+ Ka7 40.
Kxd3 Qa6+ 41. Ke3 Bc5+ 42. Kf3 Qd3+ 0-1

[Event "BL 1415 Bayern München - Werder Bremen"]
[Site "?"]
[Date "2015.02.21"]
[Round "10.3"]
[White "Edouard, Romain"]
[Black "Fedorovsky, Michael"]
[Result "1/2-1/2"]
[WhiteElo "2627"]
[BlackElo "2443"]
[PlyCount "202"]
[EventDate "2015.??.??"]

1. d4 Nf6 2. c4 g6 3. g3 c6 4. Bg2 d5 5. e3 Bg7 6. Ne2 O-O 7. O-O a6 8. b3 b5
9. Nbc3 Bb7 10. Nf4 e6 11. Nd3 Nbd7 12. Rb1 Qe7 13. Bd2 e5 14. cxd5 cxd5 15.
Ne2 Rfe8 16. Bb4 Qd8 17. dxe5 Nxe5 18. Nxe5 Rxe5 19. Bc3 Re8 20. Nf4 Ne4 21.
Bxg7 Kxg7 22. Rc1 Kg8 23. Qd4 Rc8 24. Rxc8 Qxc8 25. Nxd5 Bxd5 26. Qxd5 Nc3 27.
Qd2 Rd8 28. Qb2 b4 29. a3 a5 30. axb4 axb4 31. Qa1 Qc5 32. Qa6 Kg7 33. Qb7 Rd2
34. Bh3 Rd6 35. Qe7 h6 36. e4 Rc6 37. Qxc5 Rxc5 38. Re1 Nb5 39. Rd1 Nc3 40. Rd7
Nxe4 41. Be6 Ng5 42. Bd5 Kf6 43. Kg2 Rb5 44. Bc4 Rb6 45. f4 Ne6 46. Kf3 g5 47.
f5 Kxf5 48. Rxf7+ Kg6 49. Re7 Nc5 50. Ke3 Rc6 51. Kd4 Kf6 52. Rf7+ Kg6 53. Ra7
Kf6 54. Kd5 Rc8 55. g4 Nxb3 56. Bxb3 Rc3 57. Ba4 Rd3+ 58. Kc4 Rh3 59. Be8 Rxh2
60. Bh5 Rb2 61. Ra6+ Kg7 62. Rg6+ Kh7 63. Rb6 Rc2+ 64. Kxb4 Kg7 65. Kb5 Rc1 66.
Rc6 Rb1+ 67. Kc5 Rc1+ 68. Kd6 Ra1 69. Ke7 Rb1 70. Rg6+ Kh7 71. Rd6 Kg7 72. Bg6
Rb7+ 73. Ke8 Rb8+ 74. Kd7 Rb7+ 75. Kc6 Ra7 76. Kb6 Ra4 77. Bf5 h5 78. Rg6+ Kf7
79. gxh5 Rh4 80. Rc6 Kg7 81. Rg6+ Kf7 82. Rd6 Rxh5 83. Kc6 Rh2 84. Kc5 Rf2 85.
Bd3 g4 86. Rg6 Rf3 87. Rd6 g3 88. Bc4+ Kg7 89. Rd2 Kf6 90. Bd5 Rf4 91. Rg2 Rg4
92. Bf3 Kf5 93. Kd5 Rg8 94. Kd4 Kf4 95. Bd5 Rd8 96. Ra2 Rxd5+ 97. Kxd5 Kf3 98.
Ra3+ Kf2 99. Ke4 g2 100. Ra2+ Kg3 101. Rxg2+ Kxg2 1/2-1/2

[Event "BL 1415 Bayern München - Werder Bremen"]
[Site "?"]
[Date "2015.02.21"]
[Round "10.4"]
[White "Jorczik, Julian"]
[Black "Efimenko, Zahar"]
[Result "0-1"]
[WhiteElo "2390"]
[BlackElo "2655"]
[PlyCount "80"]
[EventDate "2015.??.??"]

1. d4 Nf6 2. Nf3 g6 3. c4 d6 4. g3 Bf5 5. Bg2 Qc8 6. h3 Bg7 7. g4 Bd7 8. Nc3
O-O 9. e4 Nc6 10. Be3 e5 11. d5 Na5 12. Nd2 c5 13. Bf1 a6 14. a3 b6 15. Qc2 Rb8
16. b4 Nb7 17. Bd3 Ne8 18. Rb1 Nc7 19. Nb3 Kh8 20. Ke2 f5 21. exf5 gxf5 22.
gxf5 Qe8 23. Kd2 b5 24. bxc5 bxc4 25. Bxc4 Bxf5 26. Bd3 e4 27. Bxe4 Bxe4 28.
Nxe4 Nxd5 29. c6 Nxe3 30. fxe3 d5 31. cxb7 dxe4 32. Rhf1 Rxf1 33. Rxf1 Rxb7 34.
Nd4 Rd7 35. Qc5 Qb8 36. Rc1 Qh2+ 37. Ke1 Rf7 38. Qd5 Qf2+ 39. Kd1 Qf1+ 40. Kc2
Qd3+ 0-1

[Event "BL 1415 Bayern München - Werder Bremen"]
[Site "?"]
[Date "2015.02.21"]
[Round "10.5"]
[White "Bluebaum, Matthias"]
[Black "Stangl, Markus"]
[Result "1-0"]
[WhiteElo "2571"]
[BlackElo "2438"]
[PlyCount "111"]
[EventDate "2015.??.??"]

1. d4 d5 2. c4 e6 3. Nf3 c6 4. Qc2 dxc4 5. Qxc4 b5 6. Qc2 Bb7 7. e4 Nd7 8. Bd3
a6 9. a4 h6 10. O-O Ngf6 11. Nbd2 Rc8 12. Qb1 b4 13. Nc4 Be7 14. Bf4 Nb8 15. a5
Nh5 16. Be3 c5 17. d5 exd5 18. exd5 Bxd5 19. Be2 Nf6 20. Rd1 Qc7 21. Nb6 Rd8
22. Qf5 Be6 23. Rxd8+ Qxd8 24. Qc2 Qc7 25. Nd4 Bg4 26. Nf5 Bxf5 27. Qxf5 O-O
28. Rd1 Bd6 29. g3 Re8 30. Nc4 Bf8 31. Bf3 Nbd7 32. Bf4 Qc8 33. Kg2 Re6 34. b3
g6 35. Qd3 g5 36. Bc1 g4 37. Be2 Qc6+ 38. Kg1 h5 39. Bf1 Qe4 40. Qxe4 Rxe4 41.
Bb2 Re6 42. Bd3 Rc6 43. Bf5 Rc7 44. Nb6 Nxb6 45. axb6 Rb7 46. Bxf6 Rxb6 47. Bd8
Rb8 48. Bc7 Rb7 49. Be5 Rb5 50. Rd5 Be7 51. Bd3 Rb6 52. Bc4 h4 53. Rd7 Kf8 54.
Ra7 f6 55. Bc7 Rc6 56. Bd5 1-0

[Event "BL 1415 Bayern München - Werder Bremen"]
[Site "?"]
[Date "2015.02.21"]
[Round "10.6"]
[White "Renner, Christoph"]
[Black "Smerdon, David"]
[Result "0-1"]
[WhiteElo "2359"]
[BlackElo "2512"]
[PlyCount "54"]
[EventDate "2015.??.??"]

1. d4 e6 2. Bf4 b6 3. e3 Bb7 4. Nf3 f5 5. Bd3 Nf6 6. Nbd2 g6 7. Qe2 Bg7 8. h3
O-O 9. g4 d6 10. O-O-O Qe7 11. gxf5 exf5 12. h4 Nh5 13. Bh2 Nd7 14. Ba6 Bxa6
15. Qxa6 Ndf6 16. Qc4+ Kh8 17. Ng5 Rae8 18. f3 c5 19. dxc5 d5 20. Qa6 Qxc5 21.
Kb1 h6 22. Nh3 Qxe3 23. Qxa7 f4 24. a3 Qe5 25. Nb3 Ne4 26. Rd4 Nd2+ 27. Nxd2
Qxd4 0-1

[Event "BL 1415 Bayern München - Werder Bremen"]
[Site "?"]
[Date "2015.02.21"]
[Round "10.7"]
[White "Markgraf, Alexander"]
[Black "Zajogin, Alexander"]
[Result "1-0"]
[WhiteElo "2495"]
[BlackElo "2379"]
[PlyCount "59"]
[EventDate "2015.??.??"]

1. e4 e5 2. Nf3 Nc6 3. Bb5 a6 4. Ba4 Nf6 5. O-O Be7 6. Re1 b5 7. Bb3 O-O 8. c3
d6 9. h3 Na5 10. Bc2 c5 11. d4 Qc7 12. Nbd2 Rd8 13. b3 cxd4 14. cxd4 Bb7 15.
Bb2 Nc6 16. Rc1 Qb6 17. Nf1 d5 18. exd5 Rxd5 19. Ne3 Rdd8 20. d5 Bb4 21. Rf1
Ne7 22. Bxe5 Nexd5 23. Bd4 Qe6 24. Ng5 Qd7 25. Bf5 Qe7 26. Nxh7 Nxh7 27. Bxh7+
Kxh7 28. Qh5+ Kg8 29. Bxg7 Nxe3 30. Qh8# 1-0

[Event "BL 1415 Bayern München - Werder Bremen"]
[Site "?"]
[Date "2015.02.21"]
[Round "10.8"]
[White "Zwanzger, Johannes"]
[Black "Fish, Gennadij"]
[Result "1/2-1/2"]
[WhiteElo "2292"]
[BlackElo "2460"]
[PlyCount "129"]
[EventDate "2015.??.??"]

1. e4 e5 2. Nf3 Nc6 3. Bb5 Nd4 4. Bc4 Nxf3+ 5. Qxf3 Qf6 6. Qe2 Bc5 7. d3 Ne7 8.
Nc3 c6 9. Be3 d6 10. Bxc5 dxc5 11. Qe3 b6 12. O-O Ng6 13. Ne2 Be6 14. Bxe6 Qxe6
15. f4 exf4 16. Nxf4 Nxf4 17. Rxf4 O-O 18. b3 Qe5 19. Raf1 Qd4 20. Qxd4 cxd4
21. Kf2 Rad8 22. Ke2 Rd7 23. Kd2 Re8 24. Rf5 Re6 25. R1f2 g6 26. R5f4 Kg7 27.
Rf1 b5 28. Kc1 c5 29. Kb2 Rb7 30. R1f2 a5 31. Kb1 Ra6 32. Kc1 a4 33. Rf1 Rc6
34. g4 c4 35. dxc4 bxc4 36. bxa4 c3 37. Kd1 Ra6 38. Ke2 Rxa4 39. Kd3 Rxa2 40.
g5 Ra5 41. h4 Rd7 42. Rf6 Re5 43. Rc6 h6 44. gxh6+ Kxh6 45. Rc4 f5 46. Rf4 Kh5
47. Rc6 Rxe4 48. Rxe4 fxe4+ 49. Kxe4 Rd8 50. Kd3 Rg8 51. Kxd4 Kxh4 52. Rxc3 g5
53. Ra3 g4 54. c4 g3 55. Ra1 g2 56. Rg1 Kg3 57. c5 Kf2 58. Rxg2+ Kxg2 59. c6
Kf3 60. Ke5 Ke3 61. c7 Kd3 62. Kd6 Kd4 63. Kd7 Kd5 64. c8=Q Rxc8 65. Kxc8
1/2-1/2

[Event "BL 1415 Schwäbisch Hall - Turm Emsdett"]
[Site "?"]
[Date "2015.02.21"]
[Round "10.2"]
[White "Laznicka, Viktor"]
[Black "Grandelius, Nils"]
[Result "1/2-1/2"]
[WhiteElo "2670"]
[BlackElo "2609"]
[PlyCount "67"]
[EventDate "2015.??.??"]

1. e4 c5 2. Nf3 d6 3. Bb5+ Nd7 4. c3 Ngf6 5. Qe2 a6 6. Ba4 e5 7. O-O Be7 8. d4
b5 9. Bc2 O-O 10. d5 Nh5 11. a4 Rb8 12. axb5 axb5 13. Na3 c4 14. Be3 Nhf6 15.
Rfb1 Ng4 16. b3 Nxe3 17. Qxe3 Ba6 18. Nxc4 bxc4 19. Rxa6 Nc5 20. Ra3 cxb3 21.
Bxb3 Ra8 22. Rxa8 Qxa8 23. Bc2 Qa2 24. Bd3 Rc8 25. g3 Bd8 26. Kg2 Ba5 27. Nxe5
Nxd3 28. Qxd3 dxe5 29. Qa6 Rf8 30. Rb5 Qe2 31. Qxa5 Qxe4+ 32. Kg1 Qe1+ 33. Kg2
Qe4+ 34. Kg1 1/2-1/2

[Event "BL 1415 Schwäbisch Hall - Turm Emsdett"]
[Site "?"]
[Date "2015.02.21"]
[Round "10.3"]
[White "Pruijssers, Roeland"]
[Black "Inarkiev, Ernesto"]
[Result "0-1"]
[WhiteElo "2506"]
[BlackElo "2675"]
[PlyCount "254"]
[EventDate "2015.??.??"]

1. e4 e5 2. Nf3 Nc6 3. Bb5 a6 4. Ba4 Nf6 5. O-O Be7 6. Re1 b5 7. Bb3 O-O 8. h3
d6 9. c3 Nb8 10. d4 Nbd7 11. Nbd2 Bb7 12. Bc2 Re8 13. a4 Bf8 14. Bd3 c6 15. b4
Qc7 16. Qc2 g6 17. Bb2 Rac8 18. Bf1 Nb6 19. axb5 cxb5 20. d5 Nfd7 21. Nb3 Re7
22. Na5 Ba8 23. Ra3 f5 24. Nc6 Bxc6 25. dxc6 Qxc6 26. exf5 gxf5 27. Qxf5 Nc4
28. Bxc4+ bxc4 29. Re4 Nf6 30. Rh4 Bg7 31. Ra5 Rce8 32. Bc1 d5 33. Bg5 Qd7 34.
Qxd7 Rxd7 35. Rxa6 Ne4 36. Rxe4 dxe4 37. Nd2 e3 38. Bxe3 e4 39. Nxc4 Bxc3 40.
b5 Rc8 41. Rd6 Rb7 42. Nb6 Re8 43. g3 Bg7 44. Kg2 Bf8 45. Rc6 Re5 46. Nc4 Rexb5
47. Nd6 Bxd6 48. Rxd6 Re5 49. Bd4 Ree7 50. Ra6 Rbd7 51. Be3 Kf7 52. Rh6 Kg7 53.
Rh4 Rd5 54. Rh6 Rf5 55. h4 Rfe5 56. Rb6 R7e6 57. Rb8 Kg6 58. Rb7 h5 59. Rb8 Rd5
60. Rg8+ Kf7 61. Rh8 Kg7 62. Rb8 Ra6 63. Rb4 Re6 64. Rb8 Kh7 65. Ra8 Kg6 66.
Bf4 Rb6 67. Re8 Rb4 68. Bg5 Rf5 69. Re6+ Kf7 70. Re7+ Kf8 71. Re6 Ra4 72. Be3
Kf7 73. Rb6 Ke7 74. Rb7+ Kd6 75. Rb6+ Kc7 76. Rg6 Kd7 77. Rg7+ Kd6 78. Rg8 Rd5
79. Rh8 Rf5 80. Rh6+ Kd5 81. Rh8 Kc4 82. Rd8 Kc3 83. Rd7 Ra2 84. Re7 Kd3 85.
Rd7+ Ke2 86. Re7 Ra4 87. Rb7 Rd5 88. Rb2+ Kd3 89. Rd2+ Kc4 90. Rc2+ Kb3 91. Rc8
Rf5 92. Rg8 Kc3 93. Rd8 Ra2 94. Re8 Kd3 95. Rd8+ Ke2 96. Rd4 Re5 97. Bf4 Re7
98. Rd5 Ke1 99. Be3 Rh7 100. Re5 Ra4 101. Rd5 Rh8 102. Bd2+ Ke2 103. Bc3 Rha8
104. Rd2+ Ke1 105. Rd5+ Ke2 106. Rd2+ Ke1 107. Rd4+ Ke2 108. Rd5 Ra2 109. Rxh5
Kd3 110. Bb4 e3 111. Rf5 Rb8 112. Rf3 Rxb4 113. Rxe3+ Kd4 114. Re8 Rb6 115. Re1
Rbb2 116. Rf1 Ke4 117. Re1+ Kf5 118. Rf1 Kg4 119. Kg1 Kf3 120. Rc1 Rxf2 121.
Rc3+ Kg4 122. h5 Rg2+ 123. Kh1 Rge2 124. Rc4+ Kh3 125. Rc1 Rh2+ 126. Kg1 Rag2+
127. Kf1 Rh1# 0-1

[Event "BL 1415 Schwäbisch Hall - Turm Emsdett"]
[Site "?"]
[Date "2015.02.21"]
[Round "10.4"]
[White "Gharamian, Tigran"]
[Black "Burg, Twan"]
[Result "1-0"]
[WhiteElo "2651"]
[BlackElo "2508"]
[PlyCount "61"]
[EventDate "2015.??.??"]

1. e4 c5 2. Nf3 d6 3. d4 cxd4 4. Nxd4 Nf6 5. Nc3 a6 6. h3 e6 7. g4 h6 8. Bg2
Be7 9. Be3 Nc6 10. f4 Nd7 11. O-O Nxd4 12. Qxd4 O-O 13. Qd2 b5 14. e5 d5 15.
Ne2 Bb7 16. Nd4 Qc7 17. Rae1 Rfe8 18. f5 Nxe5 19. fxe6 Bh4 20. exf7+ Nxf7 21.
Re2 Nd6 22. Bf4 Qb6 23. Bxd6 Qxd6 24. Nf5 Qc5+ 25. Kh1 Bg5 26. Qe1 Bc6 27. Re6
Qa7 28. Qe5 Rad8 29. h4 Qd7 30. Re1 Bc1 31. Ne7+ 1-0

[Event "BL 1415 Schwäbisch Hall - Turm Emsdett"]
[Site "?"]
[Date "2015.02.21"]
[Round "10.5"]
[White "Hector, Jonny"]
[Black "Cornette, Matthieu"]
[Result "0-1"]
[WhiteElo "2482"]
[BlackElo "2582"]
[PlyCount "98"]
[EventDate "2015.??.??"]

1. d4 Nf6 2. Nc3 d5 3. Bg5 c5 4. Bxf6 gxf6 5. e3 Nc6 6. Qh5 e6 7. Nf3 Bd7 8.
Bb5 a6 9. Bxc6 Bxc6 10. O-O cxd4 11. exd4 Bb4 12. Rfe1 Qe7 13. Nh4 O-O-O 14.
Nf5 Qf8 15. Nh6 Be8 16. Re3 f5 17. Rae1 Bd6 18. Rh3 Rd7 19. Ne2 Rc7 20. c3 Bb5
21. Nc1 Qg7 22. Qh4 f4 23. Qh5 Kb8 24. Qd1 Qg6 25. a4 Bd7 26. Qf3 e5 27. dxe5
Bf8 28. Nxf7 Qxf7 29. Rh4 Qe7 30. Rxf4 Bh6 31. Rf7 Qe8 32. Qf6 Bg5 33. Qg7 Rg8
34. Qxh7 Bf5 35. Qxg8 Qxg8 36. Rxf5 Rg7 37. g3 Qh7 38. Rf3 Bd2 39. Rf1 Qh3 40.
Nb3 Rh7 41. Rd1 Bg5 42. a5 Qxh2+ 43. Kf1 Qh3+ 44. Ke2 Qe6 45. Rf8+ Ka7 46. f4
Be7 47. Re8 Rh2+ 48. Kf3 Qg6 49. Rxe7 Qh5+ 0-1

[Event "BL 1415 Schwäbisch Hall - Turm Emsdett"]
[Site "?"]
[Date "2015.02.21"]
[Round "10.6"]
[White "Wirig, Anthony"]
[Black "Janssen, Ruud"]
[Result "1-0"]
[WhiteElo "2484"]
[BlackElo "2468"]
[PlyCount "201"]
[EventDate "2015.??.??"]

1. d4 Nf6 2. Nf3 e6 3. g3 b5 4. Bg5 Bb7 5. Nbd2 c5 6. e4 a6 7. a4 Qb6 8. Bxf6
gxf6 9. d5 exd5 10. exd5 Bxd5 11. Bh3 Be6 12. Bg2 bxa4 13. O-O Nc6 14. Nh4 Be7
15. Rxa4 Qxb2 16. Rf4 Rd8 17. Nc4 Qb8 18. Ne3 Nd4 19. c3 Nb5 20. Nd5 Qe5 21. c4
Nc3 22. Nxc3 Qxc3 23. Nf5 h5 24. Bd5 Rb8 25. Rf3 Qb2 26. h4 Rg8 27. Re1 a5 28.
Kg2 Rg4 29. Qd3 a4 30. Ne3 Rg6 31. Be4 Rg8 32. Re2 Qb3 33. Qd2 Qb4 34. Qc1 Qa5
35. Nd5 Rb3 36. Rxb3 axb3 37. Qf4 Qa7 38. Bf3 Bd8 39. Rb2 Qa3 40. Qc1 f5 41.
Qc3 Qa6 42. Qxb3 Qd6 43. Rd2 Kf8 44. Qe3 Bxd5 45. Rxd5 f4 46. Qxc5 Qxc5 47.
Rxc5 d6 48. Rxh5 fxg3 49. fxg3 Bf6 50. Kh3 Be5 51. g4 Ke7 52. Bd5 Rb8 53. Rh7
Rb3+ 54. Kg2 Rg3+ 55. Kf1 Rxg4 56. Rxf7+ Ke8 57. Rh7 Rg7 58. Rh6 Rg4 59. Ke2
Bg7 60. Rxd6 Rxh4 61. Bc6+ Ke7 62. Rd7+ Kf6 63. Bd5 Kg6 64. c5 Be5 65. c6 Rh8
66. Kd3 Kf5 67. Kc4 Rh2 68. Kc5 Rh8 69. Rf7+ Kg6 70. Be6 Rh1 71. Rd7 Rh8 72.
Kd5 Bh2 73. Rb7 Kf6 74. Rf7+ Kg6 75. Rf2 Bc7 76. Bf7+ Kg7 77. Be6 Rf8 78. Ra2
Kf6 79. Ra7 Rd8+ 80. Bd7 Bh2 81. Ra2 Bc7 82. Rf2+ Ke7 83. Re2+ Kf6 84. Kc5 Ra8
85. Rf2+ Ke7 86. Re2+ Kf6 87. Re6+ Kf7 88. Re1 Ra5+ 89. Kb4 Ra8 90. Re2 Rb8+
91. Kc5 Ra8 92. Be6+ Kf8 93. Rf2+ Ke8 94. Rf7 Ra5+ 95. Kb4 Ra7 96. Rd7 Kf8 97.
Kb3 Ke8 98. Bf7+ Kf8 99. Bg6 Kg8 100. Rf7 Kh8 101. Bh7 1-0

[Event "BL 1415 Schwäbisch Hall - Turm Emsdett"]
[Site "?"]
[Date "2015.02.21"]
[Round "10.7"]
[White "Fiebig, Thomas"]
[Black "Zeller, Frank"]
[Result "1-0"]
[WhiteElo "2420"]
[BlackElo "2419"]
[PlyCount "53"]
[EventDate "2015.??.??"]

1. e4 e5 2. Nf3 Nc6 3. Nc3 Nf6 4. d4 exd4 5. Nxd4 Bc5 6. Nxc6 bxc6 7. Bc4 O-O
8. O-O Re8 9. Qd3 Rb8 10. Bxf7+ Kxf7 11. Qc4+ d5 12. Qxc5 Nxe4 13. Qxc6 Nxc3
14. Qxc3 d4 15. Qa5 Re6 16. b3 Ba6 17. Bg5 Qd7 18. Rfe1 Rb5 19. Qd2 Bb7 20.
Rxe6 Qxe6 21. Bf4 Qd5 22. f3 Rc5 23. Re1 Rc3 24. Be5 c5 25. Qf4+ Kg8 26. Qg5
Qf7 27. Bxd4 1-0

[Event "BL 1415 Schwäbisch Hall - Turm Emsdett"]
[Site "?"]
[Date "2015.02.21"]
[Round "10.8"]
[White "Raykhman, Alexander"]
[Black "Richter, Christian"]
[Result "1/2-1/2"]
[WhiteElo "2417"]
[BlackElo "2373"]
[PlyCount "53"]
[EventDate "2015.??.??"]

1. d4 Nf6 2. c4 g6 3. Nc3 Bg7 4. g3 O-O 5. Bg2 d6 6. Nf3 Nc6 7. O-O a6 8. h3
Rb8 9. Be3 b5 10. Nd2 Bb7 11. cxb5 axb5 12. Nxb5 Na5 13. Qa4 Bxg2 14. Kxg2 c6
15. Nc3 Rxb2 16. Rab1 Rxb1 17. Rxb1 Nd7 18. Nce4 Qa8 19. Kh2 h6 20. Nf3 Qa6 21.
d5 cxd5 22. Ned2 Nc5 23. Bxc5 dxc5 24. Rb5 Ra8 25. Rxc5 e6 26. Qd7 Qb6 27. Rc8+
1/2-1/2

[Event "BL 1415 Schachfr. Berlin - SV Hockenhei"]
[Site "?"]
[Date "2015.02.21"]
[Round "10.2"]
[White "Kraemer, Martin"]
[Black "Saric, Ivan"]
[Result "1/2-1/2"]
[WhiteElo "2580"]
[BlackElo "2661"]
[PlyCount "110"]
[EventDate "2015.??.??"]

1. e4 c5 2. Nf3 d6 3. d4 cxd4 4. Nxd4 Nf6 5. f3 e5 6. Nb3 Be7 7. c4 a5 8. Be3
Nc6 9. Nc3 O-O 10. Bd3 a4 11. Nd2 a3 12. bxa3 Rxa3 13. Ndb1 Ra8 14. O-O Nd4 15.
Ne2 Ne6 16. Nbc3 Nc5 17. Nb5 Bd7 18. Nec3 Qa5 19. Be2 Rfc8 20. Qd2 Ra6 21. Rfd1
h6 22. Rab1 Be6 23. a3 Kh7 24. Bf1 Bd7 25. Qf2 Be6 26. Na2 Raa8 27. Nb4 Ne8 28.
Nd5 Bxd5 29. cxd5 Bg5 30. f4 exf4 31. Bxf4 Bxf4 32. Qxf4 Kg8 33. e5 dxe5 34.
Qxe5 Nf6 35. d6 Ne6 36. h3 Rc5 37. Qe3 Rd8 38. Kh1 Qa4 39. Re1 Qh4 40. Rb4 Qh5
41. Be2 Qf5 42. Rf1 Qe5 43. Qxe5 Rxe5 44. Bf3 Nc5 45. Rd1 Nfe4 46. Bxe4 Nxe4
47. Kh2 Rxb5 48. Rxb5 Nc3 49. Rdb1 Nxb1 50. Rxb1 Rd7 51. Rc1 Rxd6 52. Rc8+ Kh7
53. Rc7 Ra6 54. Rxf7 Rxa3 55. Rxb7 Ra4 1/2-1/2

[Event "BL 1415 Schachfr. Berlin - SV Hockenhei"]
[Site "?"]
[Date "2015.02.21"]
[Round "10.3"]
[White "Baramidze, David"]
[Black "Piorun, Kacper"]
[Result "1/2-1/2"]
[WhiteElo "2594"]
[BlackElo "2516"]
[PlyCount "42"]
[EventDate "2015.??.??"]

1. d4 d5 2. c4 dxc4 3. e3 e5 4. Bxc4 exd4 5. exd4 Nf6 6. Nf3 Bd6 7. O-O O-O 8.
Nc3 Nc6 9. Bg5 h6 10. Bh4 Bg4 11. Bb3 Bxf3 12. Qxf3 Nxd4 13. Qxb7 Rb8 14. Qxa7
Rb4 15. Bg3 Nxb3 16. axb3 Rxb3 17. Bxd6 Qxd6 18. Rfd1 Qb6 19. Qxb6 Rxb6 20. Ra2
Rfb8 21. Rd2 Rb4 1/2-1/2

[Event "BL 1415 Schachfr. Berlin - SV Hockenhei"]
[Site "?"]
[Date "2015.02.21"]
[Round "10.4"]
[White "Schneider, Ilja"]
[Black "Buhmann, Rainer"]
[Result "1/2-1/2"]
[WhiteElo "2498"]
[BlackElo "2589"]
[PlyCount "40"]
[EventDate "2015.??.??"]

1. d4 d5 2. c4 e6 3. Nf3 Nf6 4. g3 Be7 5. Bg2 O-O 6. O-O dxc4 7. Qc2 a6 8. a4
Bd7 9. Rd1 Bc6 10. Nc3 Bxf3 11. Bxf3 Nc6 12. Bxc6 bxc6 13. Bg5 Rb8 14. a5 Rb4
15. Na2 Rb5 16. Bxf6 Bxf6 17. Nc3 Rb4 18. Na2 Rb5 19. Nc3 Rb4 20. Na2 Rb5
1/2-1/2

[Event "BL 1415 Schachfr. Berlin - SV Hockenhei"]
[Site "?"]
[Date "2015.02.21"]
[Round "10.5"]
[White "Wagner, Dennis"]
[Black "Maksimenko, Andrei"]
[Result "1/2-1/2"]
[WhiteElo "2523"]
[BlackElo "2489"]
[PlyCount "60"]
[EventDate "2015.??.??"]

1. d4 d5 2. c4 c6 3. Nc3 Nf6 4. e3 a6 5. Qc2 g6 6. Bd3 Bg7 7. Nf3 O-O 8. O-O
Bg4 9. Ne5 Be6 10. c5 Nbd7 11. Nxd7 Nxd7 12. b4 f5 13. Bd2 Bf7 14. f4 Nf6 15.
a4 Ne4 16. b5 axb5 17. axb5 Rxa1 18. Rxa1 g5 19. bxc6 bxc6 20. Ne2 gxf4 21.
exf4 Nxd2 22. Qxd2 Bh5 23. Qe3 Bxe2 24. Bxe2 Qd7 25. h3 Rb8 26. Kh2 Bf6 27. Bh5
Kg7 28. Ra6 Qb7 29. Ra3 Qc7 30. Ra2 Rf8 1/2-1/2